00386nam a2200145Ia 4500008004100000020001500041041001200056082001600068100001500084245006600099250000800165260004300173300000800216650001600224221030s9999 xx 000 0 und d a8122411566 aEnglish a105.23bXav aC. Xavier 0aIntrouduction to Computers & Basic Programmingcby C. Xavier a2nd bNew Age InternationalaNew Delhic2001 a681 aBE Computer